000 01324cam a2200397 4500
999 _c23314
_d23314
001 vtls012029654
005 20220928133432.0
008 210503s2021 xo gr 010 f slo
020 _a9788089822584
_q(brožované)
040 _aSNK
_bslo
_cSNK
_erda
041 1 _aslo
_heng
044 _axo
_cSK
072 7 _a821.111(73)-3
_xAmerická próza
_2konspekt
080 _a821.111(73)-31
_22011
080 _a(0:82-311.6)
_22011
080 _a(0:82-312.5)
_22011
100 1 _aWhite, Roseanna M.,
_d1982-
_4aut
_93311
240 1 4 _aThe Number of Love
_lSlovensky
245 1 0 _aČíslo lásky
_cRoseanna M. White ; preklad z anglického originálu The Number of Love: Jana Hlatká
250 _aPrvé vydanie
264 1 _a[Jezersko]
_bi527.net
_c2021
300 _a365 strán
_c21 cm
336 _atext
_btxt
_2rdacontent
337 _abez média
_bn
_2rdamedia
338 _azväzok
_bnc
_2rdacarrier
500 _aMiesto vydania podľa NA ISBN
655 7 _aamerické romány
_2SNKPH
_92
655 7 _ahistorické romány
_2SNKPH
_91688
655 7 _aľúbostné romány
_2SNKPH
_913
655 7 _aAmerican novels
_2SNKPHeng
_91670
655 7 _aHistorical novels
_2SNKPHeng
_91689
655 7 _aLove novels
_2SNKPHeng
_91667
700 1 _aHlatká, Jana
_c(prekladateľka)
_4trl
_93313
958 _aLX
958 _aUP